| 000 | 00901nam a22002537a 4500 | ||
|---|---|---|---|
| 005 | 2009050802492.0 | ||
| 008 | 090508t xxu||||| |||| 00| 0 eng d | ||
| 010 | _aENG-93483 | ||
| 020 |
_a9788183822053 _c125.00 |
||
| 035 | _aEN-77016 | ||
| 037 | _bDBAD / PUB | ||
| 040 |
_adpl _bEnglish |
||
| 082 | _a659.1 | ||
| 100 | _aMahapatra, Arun | ||
| 245 |
_aArt of advertising / _cby Arun Mahapatra |
||
| 260 |
_aNew Delhi _bLotus Press _c2009 |
||
| 270 |
_a4263/3, Ansari Road, Darya Ganj, _bNew Delhi _e110002 |
||
| 300 |
_avi, 164p. _c22cm (pbk) |
||
| 490 | _aBooks on management | ||
| 500 | _aIncludes bibliographical references | ||
| 650 | _aAdvertising. | ||
| 942 |
_2ddc _cEN _mMAH _h659.1 |
||
| 999 |
_c26187 _d26187 |
||